Cultura, política y práctica educativa (Record no. 113144)

MARC details
000 -LEADER
fixed length control field 01006nam a2200253 4500
005 - DATE AND TIME OF LATEST TRANSACTION
control field 20160212132548.0
008 - FIXED-LENGTH DATA ELEMENTS--GENERAL INFORMATION
fixed length control field 160212b sp ||||| |||| 00| 0 spa d
020 ## - INTERNATIONAL STANDARD BOOK NUMBER
International Standard Book Number 8478272526
050 04 - LIBRARY OF CONGRESS CALL NUMBER
Classification number E169 .12
Item number G56 2001
100 1# - MAIN ENTRY--PERSONAL NAME
Personal name Giroux, Hery A.
245 10 - TITLE STATEMENT
Title Cultura, política y práctica educativa
Statement of responsibility, etc / Henry A. Giroux
250 ## - EDITION STATEMENT
Edition statement 1a ed.
260 ## - PUBLICATION, DISTRIBUTION, ETC. (IMPRINT)
Place of publication, distribution, etc Barcelona, España :
Name of publisher, distributor, etc Graó,
Date of publication, distribution, etc 2001.
300 ## - PHYSICAL DESCRIPTION
Extent 141 p. ;
Dimensions 24 cm.
490 ## - SERIES STATEMENT
Series statement Biblioteca de Aula. Serie Teoría y sociología de la educación
Volume number/sequential designation ; 158
500 ## - GENERAL NOTE
General note Titulo original : The Practical Politics of Cultural Studies.
650 #7 - SUBJECT ADDED ENTRY--TOPICAL TERM
Source of heading or term LEMB
Topical term or geographic name as entry element Cultura
General subdivision Estudio y enseñanza
Geographic subdivision Estados Unidos
650 #7 - SUBJECT ADDED ENTRY--TOPICAL TERM
Source of heading or term LEMB
Topical term or geographic name as entry element Medios de comunicación masiva |
General subdivision Aspectos políticos
Geographic subdivision Estados Unidos
650 #7 - SUBJECT ADDED ENTRY--TOPICAL TERM
Source of heading or term LEMB
Topical term or geographic name as entry element Multiculturalismo
Geographic subdivision Estados Unidos
650 #7 - SUBJECT ADDED ENTRY--TOPICAL TERM
Source of heading or term LEMB
Topical term or geographic name as entry element Cultura política
Geographic subdivision Estados Unidos
650 #7 - SUBJECT ADDED ENTRY--TOPICAL TERM
Source of heading or term LEMB
Topical term or geographic name as entry element Innovaciones tecnologicas
General subdivision Aspectos sociales
Geographic subdivision Estados Unidos
700 1# - ADDED ENTRY--PERSONAL NAME
Personal name Riu, Hugo,
Relator term tr.
942 ## - ADDED ENTRY ELEMENTS (KOHA)
Source of classification or shelving scheme Biblioteca del Cogreso de los Estados Unidos
Koha item type Libro

No items available.